000 00371nam a22001577a 4500
003 MPLRDC
005 20220104124131.0
008 210129b ||||| |||| 00| 0 eng d
082 _a857.6 HX-5
100 _a海辛
245 _a人生的彩虹
_c
260 _a
_b香港万源图书公司
_c1975
300 _b
650 _a短篇小说
942 _cBK
_o857.6 HX-5
999 _c16898
_d16888